|
|
|
|
| LEADER |
00638nas a2200169 i 4500 |
| 001 |
acta71464 |
| 005 |
20230713102826.0 |
| 008 |
201216s2020 hu o 0|| eng d |
| 022 |
|
|
|a 2064-7964
|
| 040 |
|
|
|a SZTE Egyetemi Kiadványok Repozitórium
|b hun
|
| 041 |
|
|
|a eng
|
| 245 |
0 |
0 |
|a Analecta technica Szegedinensia 2020, 14. évf. 2.
|h [elektronikus dokumentum]
|
| 260 |
|
|
|c 2020
|
| 300 |
|
|
|a 76
|
| 490 |
0 |
|
|a Analecta technica Szegedinensia
|v 14 No. 2
|
| 695 |
|
|
|a Élelmiszeripar - tanulmányok, Élelmiszeripari technológia, Szerves kémia - tanulmányok
|
| 856 |
4 |
0 |
|u http://acta.bibl.u-szeged.hu/71464/1/engineering_2020_002.pdf
|z Dokumentum-elérés
|